📖 150 premiers mots"Hygiène de l'assassin"(Amélie Nothomb) - Statistiques

Statistiques générales
  • Ce quiz a Ă©tĂ© pris 29 fois
    16 depuis la dernière actualisation
  • Le rĂ©sultat moyen est 80 sur 150
Statistiques - réponses
Mots % Correct
Ă 
100%
d'
100%
il
100%
l'
100%
Le
100%
le
100%
M.
100%
n'
100%
Nankin
100%
Prétextat
100%
s'
100%
Tach
100%
The
100%
Bangladesh
90%
de
90%
des
90%
et
90%
les
90%
Les
90%
ne
90%
Observer.
90%
se
90%
au
80%
dans
80%
en
80%
était
80%
pas
80%
Quand
80%
que
80%
que,
80%
tous
80%
un
80%
une
80%
ces
70%
du
70%
faire
70%
avec
60%
journaux
60%
(nous
60%
nous
60%
sa
60%
son
60%
Son
60%
avant
50%
deux
50%
grand
50%
journalistes
50%
mois,
50%
mois
50%
aussi
40%
car
40%
écrivain
40%
entier
40%
fut
40%
idée
40%
immense
40%
moins
40%
monde
40%
mourant
40%
notoriété
40%
parce
40%
publique
40%
sommes
40%
Ainsi,
30%
mourrait
30%
âge,
20%
aucun
20%
couleur,
20%
décès,
20%
entretiens
20%
faisait
20%
mis
20%
octogénaire.
20%
parlait
20%
reporters
20%
Rumeurs
20%
ampleur
10%
chargea
10%
effectuer
10%
étonnement
10%
étrangères
10%
français
10%
langues
10%
privés
10%
propos
10%
put
10%
racistes,
10%
refusa
10%
sélection
10%
sollicitèrent
10%
tenir
10%
traduire)
10%
voir
10%
accourir,
0%
célébrité.
0%
certes,
0%
chevet
0%
confiance
0%
connus
0%
considérable ;
0%
drastique
0%
élimina
0%
émissaires
0%
francophone,
0%
interprète ;
0%
jouissait,
0%
lesquels ...
0%
parmi
0%
permis
0%
prestige
0%
propositions :
0%
quotidiens
0%
romancier
0%
secrétaire
0%
vieillard
0%
Aucun quiz correspondant
Distribution des résultats
% des personnes avec chaque résultat
Percentile par nombre de réponses
Votre historique - résultats
Vous n’avez pas pris ce quiz depuis la dernière actualisation